Capital to Continent Click Quiz - Statistics

General Stats
  • This quiz has been taken 102 times
  • The average score is 11 of 13
Answer Stats
Hint Answer % Correct
Hanoi Asia
98%
Skopje Europe
97%
Lima South America
97%
Quito South America
92%
Dhaka Asia
89%
Port-au-Prince North America
88%
Maputo Africa
85%
Thimphu Asia
83%
Suva Oceania
82%
Maseru Africa
78%
Dakar Africa
77%
Asmara Africa
62%
Castries North America
58%
No matching quizzes found
Score Distribution
Percent of People with Each Score
Percentile by Number Answered
Your Score History
You have not taken this quiz